000 00532nam a2200169Ia 4500
008 230917s9999||||xx |||||||||||||| ||und||
020 _cEUR159.99
040 _e247470
_aMAIN
041 _aEnglish
082 _a581.954 S64W
100 _aSingh, Anurudh Kumar
245 0 _aWild relatives of cultivated plants in India: A reservoir of alternative genetic resources and more
260 _aSingapore
_bSpringer Nature
_c2017
300 _axiii, 310 p.
500 _a3114 22/05/2018 HBD18/7407 31/05/2018 Main Budget
942 _cBK
999 _c26723
_d26723